| 000 | 01506cam a2200385 a 4500 | ||
|---|---|---|---|
| 001 | 13949427 | ||
| 003 | ARRUPE | ||
| 005 | 20240708142819.0 | ||
| 008 | 050503s2004 sz b 000 0 eng d | ||
| 010 | _a 2005275157 | ||
| 016 | 7 |
_a971731551 _2GyFmDB |
|
| 020 | _a3039103792 (Bern : pbk.) | ||
| 020 | _a082047021X (New York : pbk.) | ||
| 035 | _a(OCoLC)ocm56333943 | ||
| 040 |
_aOHX _cOHX _dEMT _dOCLCQ _dDLC |
||
| 042 | _alccopycat | ||
| 050 | 0 | 0 | _bB-116-1 |
| 082 | 0 | 0 |
_a194 _222 |
| 100 | 1 |
_aOjara, Pius. _933418 |
|
| 245 | 1 | 0 |
_aMarcel, Girard, Bakhtin : _bthe return of conversion / _cPius Ojara & Patrick Madigan. |
| 260 |
_aBern ; _aNew York : _bLang, _cc2004. |
||
| 300 |
_a304 p. ; _c21 cm. |
||
| 490 | 1 |
_aEuropean university studies. Series XXIII, Theology, _x0721-3409 _vv. 788 = _aEuropäische Hochschulschriften. Reihe XXIII, Theologie ; _vBd. 788 |
|
| 504 | _aIncludes bibliographical references (p. [301]-304). | ||
| 600 | 1 | 0 |
_aMarcel, Gabriel, _d1889-1973. _94472 |
| 600 | 1 | 0 |
_aGirard, René, _d1923-2015. _933419 |
| 600 | 1 | 0 |
_aBakhtin, M. M. _q(Mikhail Mikhaĭlovich), _d1895-1975. _919388 |
| 650 | 0 |
_aPhilosophy, Modern _y20th century. _937228 |
|
| 650 | 0 |
_aConversion. _91617 |
|
| 700 | 1 |
_aMadigan, Patrick, _d1945- _933421 |
|
| 830 | 0 |
_aEuropäische Hochschulschriften. _nReihe XXIII, _pTheologie _vBd. 788. _937229 |
|
| 906 |
_a7 _bcbc _ccopycat _d3 _encip _f20 _gy-gencatlg |
||
| 942 |
_2lcc _cMONOGRAPH |
||
| 999 |
_c127129 _d127129 |
||